| 000 | 00354nam a2200121Ia 4500 | ||
|---|---|---|---|
| 008 | 160523s9999 xx 000 0 und d | ||
| 100 | _aStangor, Charles. | ||
| 245 | _aIntroduction to Psychology | ||
| 245 | _cCharles Stangor. | ||
| 260 | _c2015 | ||
| 650 | _xPsychology. | ||
| 856 | _uhttp://www.oercommons.org/courses/introduction-to-psychology-2/view | ||
| 999 |
_c294778 _d294778 |
||